Central Library and Information Centre
Sibsagar Girls' College, Sivasagar : Assam

UNDERSTANDING THE FRENCH REVOLUTION (Record no. 5337)

MARC details
000 -LEADER
fixed length control field 00378cam a2200157ua 4500
008 - FIXED-LENGTH DATA ELEMENTS--GENERAL INFORMATION
fixed length control field 120808n II |||gr||||Z||||||eng
040 ## - CATALOGING SOURCE
Original cataloging agency MAIN
041 ## - LANGUAGE CODE
-- English
082 ## - DEWEY DECIMAL CLASSIFICATION NUMBER
Classification number 900 SOB
100 ## - MAIN ENTRY--PERSONAL NAME
Personal name SOBOUE, ALBERT.
245 ## - TITLE STATEMENT
Title UNDERSTANDING THE FRENCH REVOLUTION
260 ## - PUBLICATION, DISTRIBUTION, ETC.
Place of publication, distribution, etc. [s.l]:
Name of publisher, distributor, etc. PEOPLES PUBLISHING HOUSE,
Date of publication, distribution, etc. 1989.
300 ## - PHYSICAL DESCRIPTION
Extent 334:
Dimensions 22CM.
942 ## - ADDED ENTRY ELEMENTS (KOHA)
Koha item type Books
Holdings
Withdrawn status Lost status Damaged status Not for loan Collection code Home library Current library Shelving location Date acquired Full call number Barcode Date last seen Copy number Price effective from Koha item type Public note
        REFHIS Central Library and Information Centre Sibsagar Girls College Central Library and Information Centre Sibsagar Girls College HISTORY REFERENCE RACK 19.06.1995 900 SOB 13447 27.02.2020 1 27.02.2020 Books V
        TBHIS Central Library and Information Centre Sibsagar Girls College Central Library and Information Centre Sibsagar Girls College HISTORY RACK 19.06.1995 900 SOB 13448 27.02.2020 2 27.02.2020 Books V


Sibsagar Girl's College © 2020. All rights reserved.
Powered by Koha.
Maintained by Abhijit Borpuzari.